[Event "TCh-RUS Women 2017"]
[Site "Sochi RUS"]
[Date "2017.05.02"]
[Round "2.4"]
[Board "1"]
[White "Solozhenkina, Elizaveta"]
[Black "Ambartsumova, Karina"]
[Result "1/2-1/2"]
[WhiteTitle "WIM"]
[BlackTitle "WGM"]
[WhiteElo "2234"]
[BlackElo "2324"]
[WhiteTeam "University Belorechensk"]
[BlackTeam "Rook Republic of Tatarstan"]
[WhiteFideId "34106615"]
[BlackFideId "4166299"]
[EventDate "2017.05.01"]

1. e4 c5 2. Nf3 Nc6 3. Bb5 e6 4. O-O Nge7 5. c3 a6 6. Ba4 b5 7. Bc2 Bb7 8. Qe2
d5 9. e5 d4 10. Be4 Ng6 11. cxd4 Rb8 12. dxc5 Bxc5 13. d3 Nd4 14. Nxd4 Bxe4 15.
Qxe4 Bxd4 16. Nd2 Bxe5 17. Nf3 Bf6 18. Qc6+ Qd7 19. Qxa6 Qxd3 20. Be3 O-O 21.
Rfd1 Qe4 22. Rd2 Nf4 23. Qd6 Nd5 24. Bd4 Rfd8 25. Qg3 Rbc8 26. Re1 Qf5 27. h3
Nf4 28. Qg4 Qxg4 29. hxg4 Bxd4 30. Rxd4 Rxd4 31. Nxd4 b4 32. b3 Kf8 33. Ra1 e5
34. Nf3 f6 35. a3 bxa3 36. Rxa3 Rc1+ 37. Kh2 Rc2 38. Ra8+ Kf7 39. Ra7+ Kf8 40.
Ra8+ Ke7 41. Ra7+ Ke6 42. Kg1 Ne2+ 43. Kf1 e4 44. Ne1 Rb2 45. Rxg7 Nf4 46. Rxh7
Rb1 47. Rh1 Nd3 48. Ke2 Rb2+ 49. Ke3 Nxf2 50. Rf1 Nxg4+ 51. Kxe4 Rxb3 1/2-1/2

[Event "TCh-RUS Women 2017"]
[Site "Sochi RUS"]
[Date "2017.05.02"]
[Round "2.4"]
[Board "2"]
[White "Nebolsina, Vera"]
[Black "Goltseva, Ekaterina"]
[Result "1-0"]
[WhiteTitle "WGM"]
[BlackTitle "WFM"]
[WhiteElo "2284"]
[BlackElo "2205"]
[WhiteTeam "Rook Republic of Tatarstan"]
[BlackTeam "University Belorechensk"]
[WhiteFideId "4163591"]
[BlackFideId "24173770"]
[EventDate "2017.05.01"]

1. Nf3 d5 2. g3 Nf6 3. Bg2 b5 4. O-O Bb7 5. d3 e6 6. Nbd2 c5 7. e4 Be7 8. Re1
Qc7 9. c3 dxe4 10. dxe4 Nc6 11. a4 a6 12. Qe2 Qb6 13. Bf1 Na7 14. c4 bxa4 15.
Rxa4 O-O 16. b3 Nc6 17. Bb2 Nd7 18. Bh3 Rad8 19. Qe3 Qc7 20. Nf1 e5 21. Bc3 Nb6
22. Ra2 Bd6 23. Nh4 g6 24. Qh6 Nd4 25. Bxd4 cxd4 26. c5 Bxc5 27. Rc2 Bc8 28.
Bxc8 Qxc8 29. b4 Na4 30. bxc5 Nc3 31. c6 f6 32. Qd2 Qxc6 33. Qd3 Qb5 34. Qd2 Qb7
35. Rb2 Qc6 36. f3 a5 37. Ng2 a4 38. Ra1 f5 39. exf5 Rxf5 40. Nh4 Rf7 41. Ne3 h5
42. Nef5 Rfd7 43. Qg5 Kf7 44. Qh6 Qf6 45. Qh7+ Ke6 46. Rb6+ Kd5 47. Qxd7+ Rxd7
48. Rxf6 gxf5 49. Nxf5 Kc4 50. Nd6+ Kb3 51. Ne4 Kb2 52. Rf1 a3 53. Rb6+ Kc2 54.
Rf2+ Kc1 55. Nxc3 dxc3 56. Rb3 c2 57. Rxa3 Kb2 58. Ra8 Rc7 59. Ra5 Kb3 60. Rb5+
Ka4 61. Rxc2 Rxc2 62. Rxe5 h4 63. Re4+ Kb3 64. Rxh4 Kc3 65. Re4 Kd3 66. h4 Rc1+
67. Kg2 Rc2+ 68. Kh3 Rf2 69. Kg4 1-0

[Event "TCh-RUS Women 2017"]
[Site "Sochi RUS"]
[Date "2017.05.02"]
[Round "2.4"]
[Board "3"]
[White "Baraeva, Marina"]
[Black "Belova, Olga"]
[Result "1/2-1/2"]
[WhiteTitle "WIM"]
[BlackTitle "WFM"]
[WhiteElo "2169"]
[BlackElo "2050"]
[WhiteTeam "University Belorechensk"]
[BlackTeam "Rook Republic of Tatarstan"]
[WhiteFideId "24142573"]
[BlackFideId "4138422"]
[EventDate "2017.05.01"]

1. d4 Nf6 2. c4 e6 3. Nc3 Bb4 4. Qc2 d6 5. Nf3 O-O 6. Bg5 Nbd7 7. e3 e5 8. dxe5
Nxe5 9. Nxe5 dxe5 10. Rd1 Qe7 11. Be2 Qe6 12. Bh4 Qf5 13. Qb3 a5 14. O-O Bxc3
15. Qxc3 Re8 16. c5 Be6 17. Bd3 Nd5 18. Bxf5 Nxc3 19. Bxe6 Nxd1 20. Bd7 Nxb2 21.
Bxe8 Rxe8 22. Rb1 Na4 23. Rxb7 Nxc5 24. Rxc7 Ne6 25. Ra7 Rc8 26. h3 g5 27. Bg3
Rc5 28. f3 Kg7 29. Kh2 Nd8 30. Rc7 Nc6 31. a4 Kf6 32. h4 gxh4 33. Bxh4+ Ke6 34.
Be7 Rc4 35. Bf8 Rc2 36. Kg3 Nb4 37. Ra7 Nc6 38. Rc7 Nb4 39. Re7+ Kf6 40. Ra7 Nc6
41. Rc7 Ke6 42. e4 Nd4 43. Re7+ Kf6 44. Ra7 Ne2+ 45. Kh4 Nf4 46. Ra6+ Ne6 47.
Kg3 Ra2 48. Bd6 Rxa4 49. Bc7 Ra2 50. Rxa5 Rxa5 51. Bxa5 Nf4 52. Bd2 Nd3 53. Be3
Kg6 54. Kg4 Ne1 55. Kg3 f5 56. exf5+ Kxf5 57. Bd2 1/2-1/2

[Event "TCh-RUS Women 2017"]
[Site "Sochi RUS"]
[Date "2017.05.02"]
[Round "2.4"]
[Board "4"]
[White "Shafigullina, Zarina"]
[Black "Khristenko, Anna"]
[Result "1/2-1/2"]
[WhiteElo "2028"]
[BlackElo "1793"]
[WhiteTeam "Rook Republic of Tatarstan"]
[BlackTeam "University Belorechensk"]
[WhiteFideId "24174220"]
[BlackFideId "24173886"]
[EventDate "2017.05.01"]

1. d4 Nf6 2. Nf3 g6 3. c4 Bg7 4. g3 O-O 5. Bg2 d6 6. O-O Nbd7 7. Nc3 e5 8. e4
exd4 9. Nxd4 Nc5 10. h3 Re8 11. Re1 Bd7 12. Rb1 a5 13. b3 h6 14. a3 Qc8 15. Kh2
h5 16. Bg5 Nh7 17. Be3 Ne6 18. f4 h4 19. gxh4 Nf6 20. Nxe6 Bxe6 21. Nd5 Bxd5 22.
exd5 Qf5 23. Qf3 Bh6 24. Bd2 Nh5 25. Rf1 Re7 26. Rbd1 Rae8 27. Rf2 Nf6 28. Bc1
b6 29. Bf1 Qe4 30. Bd3 Qxf3 31. Rxf3 Re1 32. Rf1 Rxd1 33. Rxd1 Nd7 34. Rg1 Nc5
35. Bc2 Kf8 36. Rg2 Re1 37. Bd2 Ra1 38. b4 axb4 39. axb4 Ra2 40. Be3 Na6 41. b5
Nc5 42. Kg1 Ra3 43. Bd4 Rxh3 44. Bf6 Nb7 45. Rf2 Bg7 46. Kg2 Ra3 47. Bxg7+ Kxg7
48. Rf3 Ra2 49. Rc3 Nc5 50. Kf3 Na4 51. Bxa4 Rxa4 52. Ke4 Kf6 53. Rc1 Ra2 54.
Rh1 Rc2 55. Kd3 Rf2 56. Ke3 Rc2 57. Kd3 Rf2 58. Ke3 Rc2 59. Kd3 Rf2 60. Ke3 1/2-1/2

[Event "TCh-RUS Women 2017"]
[Site "Sochi RUS"]
[Date "2017.05.03"]
[Round "3.1"]
[Board "2"]
[White "Goltseva, Ekaterina"]
[Black "Pogonina, Natalija"]
[Result "1/2-1/2"]
[WhiteTitle "WFM"]
[BlackTitle "WGM"]
[WhiteElo "2205"]
[BlackElo "2479"]
[WhiteTeam "University Belorechensk"]
[BlackTeam "Yugra Khanty-Yugra"]
[WhiteFideId "24173770"]
[BlackFideId "4147855"]
[EventDate "2017.05.01"]

1. d4 Nf6 2. c4 e6 3. Nc3 d5 4. cxd5 exd5 5. Bg5 c6 6. e3 Be7 7. Qc2 Nbd7 8. Bd3
Nh5 9. Bxe7 Qxe7 10. Nge2 g6 11. O-O-O Nb6 12. Kb1 Ng7 13. Ng3 Be6 14. Rc1 O-O
15. h4 h5 16. Nce2 Bd7 17. Nf4 Qf6 18. Rcg1 Rac8 19. Nge2 Rfe8 20. Qc1 Qe7 21.
Qc5 Na4 22. Qxe7 Rxe7 23. b3 Nb6 24. Kb2 Rce8 25. Nc1 Nc8 26. Be2 Nd6 27. g4
hxg4 28. Bxg4 Bxg4 29. Rxg4 Ne4 30. Rg2 Kh7 31. Ncd3 Nf6 32. Ne5 Nfh5 33. Nh3
Nf5 34. Ng5+ Kg8 35. Ngf3 Kg7 36. Rhg1 Kf8 37. Rg4 Rd8 38. Rg5 Rd6 39. Kb1 Rc7
40. R5g4 Nh6 41. R4g2 Ke7 42. Re1 Nf6 43. Ng5 Rd8 44. Kb2 Rcc8 45. Rg3 Rg8 46.
Rf3 Rcd8 47. Rh3 Rg7 48. Nef3 Nf5 49. e4 dxe4 50. Nxe4 Nxe4 51. Rxe4+ Kf6 52.
Kc3 Rgg8 53. Ne5 Rh8 54. a4 Kg7 55. Nf3 Rd5 56. Rh1 Rhd8 57. b4 b6 58. Rd1 c5
59. Rd2 cxb4+ 60. Kxb4 Kf6 61. Re5 R5d6 62. Re4 a6 63. Kc3 Rc8+ 64. Kd3 Rc1 65.
Ne5 b5 66. axb5 axb5 67. Ng4+ Kg7 68. Ne3 Rf6 69. Nxf5+ Rxf5 70. Re5 Rxe5 71.
dxe5 Re1 72. f4 Rh1 73. Rb2 Rxh4 74. Ke3 g5 75. Rg2 Rh5 76. fxg5 b4 77. Kd4 Kg6
78. Kc4 Rxg5 79. Re2 Rg4+ 80. Kd5 Kf5 1/2-1/2

[Event "TCh-RUS Women 2017"]
[Site "Sochi RUS"]
[Date "2017.05.03"]
[Round "3.2"]
[Board "4"]
[White "Shuvalova, Polina"]
[Black "Simakova, Elena"]
[Result "1/2-1/2"]
[WhiteTitle "WIM"]
[WhiteElo "2385"]
[BlackElo "1930"]
[WhiteTeam "Legacy Square Capital Moscow"]
[BlackTeam "Yuzhnyy Ural Chelyabinsk region"]
[WhiteFideId "24171760"]
[BlackFideId "34142166"]
[EventDate "2017.05.01"]

1. d4 Nf6 2. c4 e6 3. g3 d5 4. Nf3 dxc4 5. Bg2 Nc6 6. Qa4 Bb4+ 7. Bd2 Nd5 8.
Bxb4 Nxb4 9. O-O Rb8 10. Nc3 a6 11. Ne5 O-O 12. Nxc6 Nxc6 13. Bxc6 bxc6 14. Qxc4
Rxb2 15. Rab1 Rxb1 16. Rxb1 Qd6 17. a4 Re8 18. Rb8 e5 19. dxe5 Qxe5 20. Qxc6 Bd7
21. Rxe8+ Bxe8 22. Qc4 h6 23. Kg2 Bd7 24. f3 Be6 25. Qc6 Kf8 26. Ne4 Bd5 27.
Qc5+ Kg8 28. Kf2 c6 29. Nc3 Qe6 30. e4 Bc4 31. f4 Bd3 32. Qd4 Bc2 33. f5 Qb3 34.
Ke3 Qa3 35. Kd2 Qb2 36. Ke1 Bxa4 37. Qd8+ Kh7 38. Nxa4 Qb4+ 39. Kf2 Qxa4 40. Qe7
Qa2+ 41. Kf3 1/2-1/2

[Event "TCh-RUS Women 2017"]
[Site "Sochi RUS"]
[Date "2017.05.03"]
[Round "3.4"]
[Board "1"]
[White "Bodnaruk, Anastasia"]
[Black "Sazonova, Anastasia"]
[Result "1-0"]
[WhiteTitle "IM"]
[BlackTitle "WFM"]
[WhiteElo "2438"]
[BlackElo "2191"]
[WhiteTeam "SDYUSSHOR SHSH St Petersburg"]
[BlackTeam "Bukavushki Tolyatti"]
[WhiteFideId "4181751"]
[BlackFideId "24131008"]
[EventDate "2017.05.01"]

1. e4 e6 2. d4 d5 3. Nc3 Nf6 4. e5 Nfd7 5. f4 c5 6. Nf3 Nc6 7. Be3 cxd4 8. Nxd4
Bc5 9. Qd2 Nxd4 10. Bxd4 Bxd4 11. Qxd4 Qb6 12. Nb5 Qxd4 13. Nxd4 a6 14. Bd3 Nb6
15. a4 Bd7 16. a5 Nc8 17. Kd2 Na7 18. c3 Nc6 19. g4 Ke7 20. Nxc6+ Bxc6 21. Rhf1
h5 22. g5 g6 23. Ra3 Rhc8 24. Rb3 Rc7 25. Rb6 Rac8 26. Ra1 Ra8 27. Ra3 Kd7 28.
Rab3 Rac8 29. R3b4 Ra8 30. Rd4 Ke7 31. Rdb4 Kd7 32. Kc2 Rac8 33. Kb3 Ra8 34. Ka3
Rac8 35. Bc2 Rd8 36. Bd3 Rdc8 37. Be2 Ra8 38. Bf3 Bb5 39. f5 exf5 40. Bxd5 Re8
41. Bxf7 Rxe5 42. Rxg6 Be2 43. Rd4+ Ke7 44. Bd5 Rc5 45. c4 Rxa5+ 46. Kb4 Ra2 47.
Rg7+ Kf8 48. Rf7+ Ke8 49. g6 Rxb2+ 50. Kc3 Ra2 51. g7 Re3+ 52. Kb4 Rb2+ 53. Kc5 1-0

[Event "TCh-RUS Women 2017"]
[Site "Sochi RUS"]
[Date "2017.05.03"]
[Round "3.4"]
[Board "3"]
[White "Belenkaya, Dina"]
[Black "Trapeznikova, Darya"]
[Result "1/2-1/2"]
[WhiteTitle "WGM"]
[BlackTitle "WFM"]
[WhiteElo "2290"]
[BlackElo "2112"]
[WhiteTeam "SDYUSSHOR SHSH St Petersburg"]
[BlackTeam "Bukavushki Tolyatti"]
[WhiteFideId "24142654"]
[BlackFideId "24121118"]
[EventDate "2017.05.01"]

1. e4 e5 2. Nf3 Nc6 3. Nc3 Nf6 4. d4 exd4 5. Nxd4 Bc5 6. Nxc6 bxc6 7. Bd3 O-O 8.
O-O Re8 9. Qf3 Rb8 10. Rb1 h6 11. Be3 Bb6 12. Rfe1 d6 13. Qg3 Nh5 14. Qf3 Nf6
15. h3 Be6 16. Bf4 Bd4 17. Be3 Bxc3 18. bxc3 Rxb1 19. Rxb1 Bxa2 20. Ra1 Qb8 21.
Bxh6 Qb2 22. Rd1 Qxc3 23. Bd2 Qe5 24. Bf4 Qe6 25. Re1 Bd5 26. Qe3 Bxe4 27. Qxa7
Qd7 28. Rd1 Nd5 29. Bg3 Nc3 30. Rd2 Bxd3 31. Rxd3 Ne2+ 32. Kh2 Nxg3 33. Rxg3 Re2
34. Qd4 g6 35. Qc4 Re6 36. Ra3 d5 37. Qc3 Qd6+ 38. Kg1 Qe5 39. Ra8+ Kg7 40. Qc5
Qe1+ 41. Kh2 Qe5+ 42. g3 Qd6 43. Qd4+ Qe5 44. Qc5 Qd6 45. Qd4+ Qe5 1/2-1/2

[Event "TCh-RUS Women 2017"]
[Site "Sochi RUS"]
[Date "2017.05.03"]
[Round "3.4"]
[Board "4"]
[White "Azimova, Karina"]
[Black "Styazhkina, Anna"]
[Result "1/2-1/2"]
[BlackTitle "WIM"]
[WhiteElo "2059"]
[BlackElo "2250"]
[WhiteTeam "Bukavushki Tolyatti"]
[BlackTeam "SDYUSSHOR SHSH St Petersburg"]
[WhiteFideId "4108310"]
[BlackFideId "24119300"]
[EventDate "2017.05.01"]

1. e4 e5 2. Nc3 Nf6 3. Bc4 Nc6 4. d3 Na5 5. a3 Nxc4 6. dxc4 Bc5 7. Nf3 O-O 8. b4
Be7 9. Nxe5 a5 10. Rb1 Re8 11. O-O axb4 12. axb4 Bxb4 13. Rxb4 Rxe5 14. f4 Rea5
15. e5 Ne8 16. Ne4 Qe7 17. c5 b6 18. Rb3 Bb7 19. Ng5 h6 20. Nf3 Qxc5+ 21. Be3
Qe7 22. Nd4 d6 23. Qg4 Ra1 24. Bc1 R8a4 25. Nf5 Qe6 26. exd6 cxd6 27. Nxh6+ Qxh6
28. Qd7 Qe6 29. Qxb7 Re4 30. Rbf3 d5 31. h3 Nf6 32. f5 Qd6 33. Qc8+ Kh7 34. Qc3
Qc5+ 35. Qxc5 bxc5 36. Bb2 Rxf1+ 37. Kxf1 Nd7 38. g4 d4 39. Kf2 Ne5 40. Rb3 c4
41. Rb7 c3 42. Ba3 Nc4 43. Bc1 Ne5 44. Ba3 d3 45. cxd3 Ra4 46. d4 Rxd4 47. Rc7
Rd3 48. Bb4 Rxh3 49. Bxc3 Nxg4+ 50. Kg2 Rd3 51. f6 gxf6 52. Bxf6 Kg6 53. Bh4 f5
54. Rc6+ Kh5 55. Bg3 Ne3+ 56. Kf2 Ng4+ 57. Kg2 Kg5 58. Rc5 Nf6 59. Bh4+ Kxh4 60.
Rxf5 1/2-1/2

[Event "TCh-RUS Women 2017"]
[Site "Sochi RUS"]
[Date "2017.05.04"]
[Round "4.1"]
[Board "1"]
[White "Gritsayeva, Oksana"]
[Black "Bodnaruk, Anastasia"]
[Result "0-1"]
[WhiteTitle "WFM"]
[BlackTitle "IM"]
[WhiteElo "2396"]
[BlackElo "2438"]
[WhiteTeam "Donchanka Rostov region"]
[BlackTeam "SDYUSSHOR SHSH St Petersburg"]
[WhiteFideId "14104652"]
[BlackFideId "4181751"]
[EventDate "2017.05.01"]

1. e4 c5 2. Nf3 Nc6 3. Bb5 g6 4. O-O Bg7 5. Nc3 Nd4 6. Nxd4 cxd4 7. Ne2 a6 8.
Ba4 b5 9. Bb3 Bb7 10. d3 d5 11. f3 e6 12. a4 Ne7 13. Qe1 O-O 14. axb5 axb5 15.
Rxa8 Bxa8 16. Bg5 h6 17. Bd2 dxe4 18. fxe4 Nc6 19. Nf4 Qc7 20. Rf3 Ne5 21. Rh3
Bc6 22. Rg3 Ra8 23. h3 Be8 24. Qd1 Kh7 25. Qf1 Qe7 26. Ne2 Nd7 27. Rf3 Nc5 28.
Bb4 Qc7 29. Bxc5 Qxc5 30. Nf4 Be5 31. g3 Ra7 32. Kg2 Bg7 33. Rf2 Qc8 34. Qd1 Qc5
35. Rf1 Bc6 36. Qe2 Qb4 37. Kh2 Be8 38. Kg2 Qd6 39. Kh2 Be5 40. Qf2 Qe7 41. Qf3
Qc7 42. Kg2 b4 43. Qf2 Qb7 44. Ne2 Qd7 45. Nf4 Bg7 46. Kh2 Qb7 47. Ne2 e5 48.
Ng1 Kg8 49. Nf3 Ba4 50. Bxa4 Rxa4 51. Nd2 Ra7 52. Nc4 Ra6 53. Qe2 Qd7 54. Qg4
Qc7 55. h4 h5 56. Qg5 Kh7 57. Qd2 Qe7 58. Qe2 Bh6 59. Kg2 Qe6 60. Rf3 f6 61. Rf1
Ra7 62. Qf3 Bg7 63. Kh2 Rf7 64. Qe2 Ra7 65. Qg2 f5 66. Qe2 f4 67. gxf4 exf4 68.
Qf3 Rf7 69. Rg1 Qe7 70. Kh3 Qe6+ 71. Kh2 Qf6 72. Kh3 Bf8 73. Rh1 Be7 74. Kg2 Qe6
75. Kf2 Rf8 76. Ke2 Kh6 77. b3 Bd8 78. Kd2 Qg4 79. Ne5 Qe6 80. Nc4 Be7 81. Ke2
Qc8 82. Kd2 Qe6 83. Ke2 Qf6 84. Kf2 Rg8 85. Ke2 Bd8 86. Qf2 g5 87. hxg5+ Rxg5
88. Nd2 Rg4 89. Nf3 Bb6 90. Kd1 Rg3 91. Qh2 Qg6 92. Ne5 Qe8 93. Nc4 Bc7 94. e5
Qg6 95. Qh4 Qg5 96. Qxg5+ Kxg5 97. Ke2 Bxe5 98. Kf2 Bc7 99. Nd2 Kg4 100. Ne4 h4
101. Nf6+ Kf5 102. Nd5 Bd8 103. Nxb4 h3 104. Nc6 Bf6 105. b4 Rg2+ 106. Kf3 Rg3+
107. Kf2 Kg4 108. b5 Rg2+ 109. Kf1 Rxc2 110. Rg1+ Kf3 0-1

[Event "TCh-RUS Women 2017"]
[Site "Sochi RUS"]
[Date "2017.05.04"]
[Round "4.1"]
[Board "4"]
[White "Chernyak, Viktoria"]
[Black "Maltsevskaya, Aleksandra"]
[Result "1/2-1/2"]
[WhiteTitle "WFM"]
[WhiteElo "2254"]
[BlackElo "2199"]
[WhiteTeam "SDYUSSHOR SHSH St Petersburg"]
[BlackTeam "Donchanka Rostov region"]
[WhiteFideId "24165956"]
[BlackFideId "24174041"]
[EventDate "2017.05.01"]

1. d4 Nf6 2. c4 g6 3. Nc3 Bg7 4. e4 d6 5. Nf3 O-O 6. Be2 e5 7. Be3 Ng4 8. Bg5 f6
9. Bc1 Nc6 10. d5 Ne7 11. h3 Nh6 12. h4 Nf7 13. h5 f5 14. hxg6 Nxg6 15. Qc2 f4
16. Bd2 Ng5 17. O-O-O Nxf3 18. gxf3 Rf7 19. Kb1 Bf8 20. Rh5 Rg7 21. a3 Bd7 22.
Rdh1 Be7 23. R5h2 Kh8 24. Na2 a5 25. Nc1 b6 26. Nd3 Bf6 27. Ka2 Qe7 28. Bf1 Nh4
29. Ne1 Rag8 30. Bh3 Rg1 31. Bxd7 Rxh1 32. Rxh1 Qxd7 33. Qc3 Rg6 34. b4 axb4 35.
axb4 Qa4+ 36. Kb2 Qd1 37. Qc2 Qxc2+ 38. Kxc2 Kg7 39. Kd3 Kf7 40. Ke2 Rg8 41. Nc2
Ra8 42. b5 Ra4 43. Nb4 Ra3 44. Rh3 1/2-1/2

[Event "TCh-RUS Women 2017"]
[Site "Sochi RUS"]
[Date "2017.05.04"]
[Round "4.2"]
[Board "2"]
[White "Pogorelskikh, Sofia"]
[Black "Kovalevskaya, Ekaterina"]
[Result "0-1"]
[BlackTitle "IM"]
[WhiteElo "1964"]
[BlackElo "2416"]
[WhiteTeam "Zhiguli Samara region"]
[BlackTeam "Legacy Square Capital Moscow"]
[WhiteFideId "44164548"]
[BlackFideId "4116704"]
[EventDate "2017.05.01"]

1. e4 c5 2. Nf3 Nc6 3. d4 cxd4 4. Nxd4 e5 5. Nb5 d6 6. N1c3 a6 7. Na3 Be7 8. Nc4
b5 9. Ne3 Nf6 10. g3 O-O 11. Bg2 Be6 12. Ncd5 Bxd5 13. exd5 Nb8 14. Nf5 Ne8 15.
Nxe7+ Qxe7 16. O-O f5 17. a4 bxa4 18. Rxa4 Nd7 19. c4 Nc7 20. Be3 f4 21. gxf4
exf4 22. Bd4 Rae8 23. Ra1 Ne5 24. Bxe5 Qxe5 25. b4 Qc3 26. Rc1 Qxb4 27. c5 Nb5
28. cxd6 Nc3 29. Rxc3 Qxc3 30. Qa1 Qd3 31. Re1 f3 32. Rxe8 Rxe8 33. d7 Rb8 34.
Bf1 Qg6+ 35. Kh1 Qd6 36. Bh3 Qxd5 37. Qe1 Kf8 38. Qc1 Rd8 39. Qf4+ Kg8 40. Qc1
h6 41. Qe1 Kf7 42. Qb1 a5 43. Bf5 a4 44. h3 Rxd7 45. Bxd7 Qxd7 46. Kh2 Qd6+ 47.
Kh1 Qd5 48. Qb4 Qb3 49. Qd4 Qb1+ 50. Kh2 Qb8+ 51. Kh1 Qa8 52. Qc4+ Kf8 53. Qb4+
Kg8 54. Qa3 Qe4 55. Qa2+ Kh7 56. Kh2 Qg6 0-1

[Event "TCh-RUS Women 2017"]
[Site "Sochi RUS"]
[Date "2017.05.04"]
[Round "4.3"]
[Board "1"]
[White "Solozhenkina, Elizaveta"]
[Black "Suslova, Alena"]
[Result "0-1"]
[WhiteTitle "WIM"]
[BlackTitle "WFM"]
[WhiteElo "2234"]
[BlackElo "2216"]
[WhiteTeam "University Belorechensk"]
[BlackTeam "Yuzhnyy Ural Chelyabinsk region"]
[WhiteFideId "34106615"]
[BlackFideId "24111643"]
[EventDate "2017.05.01"]

1. d4 g6 2. Nf3 Bg7 3. g3 Nf6 4. Bg2 O-O 5. O-O d5 6. c3 Bf5 7. Nbd2 c6 8. Nh4
Bd7 9. f4 Qc8 10. e4 dxe4 11. Nxe4 Bg4 12. Qc2 Na6 13. Bd2 Nc7 14. Rae1 Nxe4 15.
Bxe4 e6 16. Bg2 Bf6 17. Nf3 Bxf3 18. Bxf3 Qd7 19. Bc1 Nd5 20. Rd1 Rad8 21. Kg2
Qc7 22. Qf2 Rd7 23. Rd3 Rfd8 24. Be4 Bg7 25. Rfd1 Nf6 26. Qe3 Nxe4 27. Qxe4 Qa5
28. a3 Qb5 29. b4 Qc4 30. g4 b6 31. Be3 c5 32. bxc5 bxc5 33. R1d2 Qa6 34. Rd1 c4
35. R3d2 Qxa3 36. Rc2 Qb3 37. f5 Qb7 38. Qxb7 Rxb7 39. fxe6 fxe6 40. Ra1 Rdd7
41. Ra4 Rdc7 42. Bf4 Rc8 43. Rca2 Rb3 44. Rxa7 Rxc3 45. d5 Bd4 46. Ra8 Rxa8 47.
Rxa8+ Kf7 48. d6 Rd3 49. Rb8 Bc5 50. Rb7+ Kf6 51. d7 e5 52. Bh6 Ke6 53. Rc7 Be7
54. Rxc4 Kxd7 55. Bg7 Ke6 56. Ra4 Bd6 57. h4 h5 58. gxh5 gxh5 59. Kf2 Bc5+ 60.
Kg2 Kf5 61. Ra5 Bd4 62. Ra6 e4 63. Bh6 Bf6 64. Ra5+ Kg4 65. Ra4 Rd4 66. Rxd4
Bxd4 67. Bg5 Be5 68. Kf2 Bg3+ 69. Ke3 Bxh4 70. Bf4 Bg5 71. Kd4 0-1

[Event "TCh-RUS Women 2017"]
[Site "Sochi RUS"]
[Date "2017.05.04"]
[Round "4.3"]
[Board "2"]
[White "Filippova, Darya"]
[Black "Goltseva, Ekaterina"]
[Result "1/2-1/2"]
[WhiteTitle "WFM"]
[BlackTitle "WFM"]
[WhiteElo "2015"]
[BlackElo "2205"]
[WhiteTeam "Yuzhnyy Ural Chelyabinsk region"]
[BlackTeam "University Belorechensk"]
[WhiteFideId "24173738"]
[BlackFideId "24173770"]
[EventDate "2017.05.01"]

1. d4 d5 2. Nf3 Nf6 3. Bf4 c5 4. e3 Nc6 5. c3 Qb6 6. Qb3 c4 7. Qxb6 axb6 8. Na3
Bf5 9. Nh4 Bd7 10. Nc2 h6 11. Bg3 g5 12. Nf3 Bf5 13. Kd1 b5 14. Nd2 e6 15. a3 b4
16. cxb4 Nxb4 17. Nxb4 Bxb4 18. Rc1 Be7 19. f3 b5 20. Be5 Rg8 21. g4 Bg6 22. Bg2
Bd3 23. Bf1 Bg6 24. Ke2 Nd7 25. Bc7 Ra7 26. Bg3 b4 27. axb4 Bxb4 28. Nxc4 dxc4
29. Rxc4 Be7 30. e4 Kf8 31. Ke3 Kg7 32. Bd3 Rb7 33. Ra1 f6 34. Rc7 Rxc7 35. Bxc7
Bf7 36. Ra7 Bd8 37. Bd6 Ne5 38. Bb5 Ng6 39. b4 e5 40. Bc4 exd4+ 41. Kd3 Nh8 42.
Be6 Re8 43. Bd7 Rg8 44. Be6 Re8 45. Bd7 Rg8 46. Be6 Re8 47. Bd7 Rg8 48. Be6 Re8
49. Bd7 Rg8 50. Be6 Re8 51. Bd7 1/2-1/2

[Event "TCh-RUS Women 2017"]
[Site "Sochi RUS"]
[Date "2017.05.04"]
[Round "4.3"]
[Board "4"]
[White "Simakova, Elena"]
[Black "Khristenko, Anna"]
[Result "1/2-1/2"]
[WhiteElo "1930"]
[BlackElo "1793"]
[WhiteTeam "Yuzhnyy Ural Chelyabinsk region"]
[BlackTeam "University Belorechensk"]
[WhiteFideId "34142166"]
[BlackFideId "24173886"]
[EventDate "2017.05.01"]

1. e4 c5 2. Nc3 e6 3. Nf3 a6 4. g3 b5 5. Bg2 Bb7 6. d3 d6 7. O-O Nf6 8. Re1 Be7
9. a3 Qc7 10. h3 Nbd7 11. Be3 Rc8 12. Qd2 Ne5 13. Nh2 O-O 14. f4 Nc6 15. Nf3 d5
16. exd5 Nxd5 17. Nxd5 exd5 18. d4 cxd4 19. Nxd4 Bf6 20. Nxc6 Bxc6 21. c3 Rfd8
22. Bd4 Qd6 23. Re2 Bd7 24. Bxf6 Qxf6 25. Rd1 Be6 26. Re5 d4 27. cxd4 Bb3 28.
Rde1 Qb6 29. Kh1 f6 30. Re7 Bd5 31. Bxd5+ Rxd5 32. Qe3 Rdd8 33. Rd1 Qc6+ 34. Kh2
Qd5 35. Rd2 a5 36. Qe6+ Qxe6 37. Rxe6 Rc4 38. d5 Kf7 39. Ra6 a4 40. Rb6 Rc5 41.
Rb7+ Kf8 42. d6 h6 43. Kg2 Rc6 44. Rxb5 Rcxd6 45. Rxd6 Rxd6 46. Rb7 Rd2+ 47. Kf3
Rd3+ 48. Kf2 Rd2+ 49. Ke3 Rg2 50. Kf3 Rd2 51. f5 h5 52. h4 Rd3+ 53. Kf4 Rd2 54.
Rb4 Kf7 55. Rxa4 Rxb2 56. Ra7+ Kf8 57. g4 Rh2 58. Kg3 Rc2 59. gxh5 Rc3+ 60. Kg4
Rc4+ 61. Kg3 Rc3+ 62. Kg4 Rc4+ 63. Kg3 1/2-1/2

[Event "TCh-RUS Women 2017"]
[Site "Sochi RUS"]
[Date "2017.05.05"]
[Round "5.1"]
[Board "1"]
[White "Suslova, Alena"]
[Black "Ambartsumova, Karina"]
[Result "1/2-1/2"]
[WhiteTitle "WFM"]
[BlackTitle "WGM"]
[WhiteElo "2216"]
[BlackElo "2324"]
[WhiteTeam "Yuzhnyy Ural Chelyabinsk region"]
[BlackTeam "Rook Republic of Tatarstan"]
[WhiteFideId "24111643"]
[BlackFideId "4166299"]
[EventDate "2017.05.01"]

1. c4 Nf6 2. Nf3 g6 3. g3 Bg7 4. Bg2 O-O 5. O-O d6 6. d4 Nc6 7. Nc3 Bf5 8. b3 e5
9. e3 Qd7 10. dxe5 dxe5 11. Qxd7 Nxd7 12. Ba3 e4 13. Nd4 Nxd4 14. exd4 Bxd4 15.
Nxe4 Bxa1 16. Bxf8 Kxf8 17. Rxa1 Re8 18. Nc3 c6 19. b4 Ne5 20. c5 Nd3 21. a3 a5
22. b5 Nxc5 23. bxc6 Nb3 24. Rd1 bxc6 25. Bxc6 Rc8 26. Rd6 Ke7 27. Nb5 Rb8 28.
Rd1 Rb6 29. Na7 Ra6 30. Bd5 Rxa7 31. Bxb3 Rc7 32. Re1+ Kf6 33. Kg2 Rc3 34. Re3
Rxe3 35. fxe3 Be6 36. Bc2 Ke5 37. Kf3 h6 38. Ke2 Kd6 39. Kd2 Kc5 40. Kc3 g5 41.
e4 1/2-1/2

[Event "TCh-RUS Women 2017"]
[Site "Sochi RUS"]
[Date "2017.05.05"]
[Round "5.1"]
[Board "3"]
[White "Mukhina, Jana"]
[Black "Belova, Olga"]
[Result "1/2-1/2"]
[WhiteTitle "WFM"]
[BlackTitle "WFM"]
[WhiteElo "2004"]
[BlackElo "2050"]
[WhiteTeam "Yuzhnyy Ural Chelyabinsk region"]
[BlackTeam "Rook Republic of Tatarstan"]
[WhiteFideId "34115428"]
[BlackFideId "4138422"]
[EventDate "2017.05.01"]

1. e4 e5 2. Nf3 Nc6 3. Bb5 g6 4. c3 d6 5. d4 Bd7 6. O-O Bg7 7. Bg5 f6 8. Be3 Qe7
9. c4 Nh6 10. Nc3 O-O 11. Nd5 Qd8 12. dxe5 Nxe5 13. Nxe5 fxe5 14. Bxd7 Qxd7 15.
f3 Nf7 16. Qd2 c6 17. Nc3 Qe7 18. Rfd1 Rfd8 19. a4 Bf6 20. Qf2 Qe6 21. b3 a5 22.
Rd3 Bg5 23. Rad1 Bxe3 24. Qxe3 Qe7 25. Qd2 b6 26. Qe3 Rab8 27. R1d2 Ng5 28. Rd1
Ne6 29. Qd2 Nd4 30. Ne2 c5 31. Nxd4 exd4 32. Qh6 Rf8 33. Re1 Qe5 34. Qh3 Rbd8
35. Red1 Rf7 36. Qh4 Rdf8 37. Qh3 Kg7 38. Qh4 g5 39. Qg3 Rf4 40. h3 h5 41. Re1
Kg8 42. Re2 R8f7 1/2-1/2